000 03130cam a22005534i 4500
003 PE-LiUPU
005 20250731173338.0
008 150706s2002 flu r 000 0 spa d
020 _a0789910004
035 _a(Sirsi) i9780789910004
040 _aPE-LiUPU
_bspa
_cPE-LiUPU
_erda
049 _aPRUA
082 0 4 _a248.845
_bD85
_221
100 1 _aDobson, James C.,
_d1936- ,
_eautor.
245 1 0 _aCómo criar a los varones :
_bconsejos prácticos y alientos para aquellos que están formando a la próxima generación de hombres /
_cJames Dobson.
264 1 _aMiami :
_bUNILIT,
_c2002.
300 _a344 páginas ;
_c21 centímetros
336 _atext
_2rdacontent
337 _aunmediated
_2rdamedia
338 _avolume
_2rdacarrier
500 _a"Consejos prácticos y aliento para aquellos que están formando a la próxima generación de hombres" -- en cubierta.
505 0 _a"El maravilloso mundo de los varones -- Vive la différence -- ¿Cuál es la diferencia? -- espíritus heridos -- El padre esencial -- Padres e hijos -- Madres e hijos -- La persecución de la oruga -- los orígenes de la homosexualidad -- Padres solteros, separados y abuelos -- "¡Allá vamos!" -- Los hombres son unos tontos -- Los varones en la escuela -- depredadores -- La importancia de permanecer cerca -- Cómo disciplinar a los varones -- La prioridad suprema -- Notas.
526 _aSEG42
526 _aSEG41
526 _aSEG40
526 _aSEG39
526 _aP94
526 _aP87
526 _aP86
526 _aP85
526 _aP77
526 _aP76
526 _aP35
541 _g001-0000509;
541 _g002-000007;
650 0 4 _aMuchachos
_xVida religiosa.
650 0 4 _aPaternidad (Psicología)
_xCristianismo.
910 _agl
_bjv
_cng
_d20090908
942 _2ddc
_cBOOK
949 _a248.845 D85
_wDEWEY
_c1
_i60231
_d2016-10-7
_e2016-10-7
_lCCODEBUL1
_mBUL
_n1
_p22.00
_r0
_sY
_tBOOK
_u2015-7-6
_xTEOLOGIA
_zUNKNOWN
_0COMPRA
_o.STAFF. Colección Teología
949 _a248.845 D85
_wDEWEY
_c2
_i60819
_d2016-10-7
_e2016-10-7
_lCCODEBUL1
_mBUL
_n2
_p22.00
_r0
_sY
_tBOOK
_u2015-7-6
_xTEOLOGIA
_zUNKNOWN
_0COMPRA
_o.STAFF. Colección Teología
949 _a248.845 D85
_wDEWEY
_c3
_i62649
_lCCODEBUL1
_mBUL
_p22.00
_r0
_sY
_tBOOK
_u2015-7-6
_xTEOLOGIA
_PP35
_0COMPRA
_o.STAFF. Colección Teología
994 _aC0
_bPEPRU
596 _a1
999 _a248.845 D85
_wDEWEY
_c49700
_i60231
_d49700
_e2017-8-29
_f2021-11-10
_g5
_lCCODEBUL1
_mBUL
_n2
_p10.00
_r0
_sY
_tBOOK
_u2015-7-6
_xTEOLOGIA
_PP35
_0COMPRA
_o.STAFF. Colección Teología
999 _a248.845 D85
_wDEWEY
_c2
_i60819
_d2017-8-23
_e2017-8-22
_f2021-11-10
_g5
_lCCODEBUL1
_mBUL
_n3
_p11.00
_r0
_sY
_tBOOK
_u2015-7-6
_xTEOLOGIA
_PP35
_0COMPRA
_o.STAFF. Colección Teología
999 _a248.845 D85
_wDEWEY
_c3
_i62649
_e2017-5-19
_f2021-11-10
_g5
_lCCODEBUL1
_mBUL
_n2
_p22.00
_r0
_sY
_tBOOK
_u2015-7-6
_xTEOLOGIA
_PP35
_0COMPRA
_o.STAFF. Colección Teología
980 _81
_gALBERTO SANCHEZ Responsable de Automatización